Are we our brothers’ keepers? (notice n° 1847612)
[ vue normale ]
| 000 -LEADER | |
|---|---|
| fixed length control field | 01338cam a2200157 4500500 |
| 005 - DATE AND TIME OF LATEST TRANSACTION | |
| control field | 20260329005905.0 |
| 041 ## - LANGUAGE CODE | |
| Language code of text/sound track or separate title | fre |
| 042 ## - AUTHENTICATION CODE | |
| Authentication code | dc |
| 100 10 - MAIN ENTRY--PERSONAL NAME | |
| Personal name | Miermont-Schilton, Delphine |
| Relator term | author |
| 245 00 - TITLE STATEMENT | |
| Title | Are we our brothers’ keepers? |
| 260 ## - PUBLICATION, DISTRIBUTION, ETC. | |
| Date of publication, distribution, etc. | 2026.<br/> |
| 500 ## - GENERAL NOTE | |
| General note | 18 |
| 520 ## - SUMMARY, ETC. | |
| Summary, etc. | This paper explores the potential of renewable energy technologies and smart grids to drive a transformative shift in the energy landscape. Drawing inspiration from the concept of technological revolutions, the paper examines historical examples of techno-economic paradigms and their reliance on abundant and low-cost energy resources. It highlights the current emergence of low-carbon energy generation technologies, such as wind, solar, and hydropower, and their integration into the digital technoeconomic paradigm. The paper emphasizes the co-evolution of green and digital transition processes and their potential to create diversified energy networks. It investigates the connections between technological revolutions, renewable energy sources, and smart grids, suggesting that these elements will shape the future energy transition.JEL Codes: O13, O33, O44 |
| 786 0# - DATA SOURCE ENTRY | |
| Note | Le Carnet Psy | 285 | 1 | 2026-01-21 | p. 21-22 | 1260-5921 |
| 856 41 - ELECTRONIC LOCATION AND ACCESS | |
| Uniform Resource Identifier | <a href="https://shs.cairn.info/journal-le-carnet-psy-2026-1-page-21?lang=en&redirect-ssocas=7080">https://shs.cairn.info/journal-le-carnet-psy-2026-1-page-21?lang=en&redirect-ssocas=7080</a> |
Pas d'exemplaire disponible.




Réseaux sociaux